• 首页
  • 本馆介绍
  • 公告通知
  • 最新文献
  • 馆藏检索
  • 电子资源
  • 读者导购
  • 参考咨询
  • 我的图书馆
  • 登录
  • 详细信息显示
  • 放入我的书架
  • 预约/预借图书
  • 作者相关作品
  • 分类相关作品
  • 丛书相关作品
  • 出版社相关作品

书目信息

  • 表格格式
  • 工作单格式
  • 卡片格式
题名:
劳动人事管理辞典
    
 
作者: 张晋 赵履宽
分册:  
出版信息:   四川科学技术出版社  1987.12
页数: 544页
开本: 32开
丛书名:
单 册:
中图分类: F2-61
科图分类:
主题词: 经济计划 , 经济管理
电子资源:
ISBN: 7-5364-0018-7
000 00558nam0 2200193 45
001 9911301546
005 19991130154202.5
010    @a7-5364-0018-7@d8.70
100    @a19991130d1987 km y0chiy0120 ea
101    @achi
105    @a z 000yy
200 1  @a劳动人事管理辞典@ALao Dong Ren Shi Guan Li Ci Dian@f张晋 赵履宽@FZhang Jin Zhao Lu Kuan
210    @c四川科学技术出版社@d1987.12
215    @a544页@c无图表@d32开
606 0  @a经济计划
606 0  @a经济管理
690    @aF2-61@v3
801    @aCN@bPerfectUser@c19991130
905    @aBZT@b23180@f1@dF2-61@e1
    
    劳动人事管理辞典/张晋 赵履宽.-四川科学技术出版社,1987.12
    544页:无图表;32开
    
    
    ISBN 7-5364-0018-7:8.70
    
●
相关链接 在五车中查询图书 在当当中查询图书 在豆瓣中查询图书


正题名:劳动人事管理辞典     索取号:F2-61/1         预约/预借

序号 登录号 条形码 馆藏地/架位号 状态 备注
1 23180   200367254   特藏书库/藏010架A面1层1列/ [索取号:F2-61/1] 在馆    
山东省滨州职业学院图书馆 欢迎您!
大连网信软件有限公司© 版权所有